La agonía del pensamiento político occidental

Guardado en:
Detalles Bibliográficos
Autor principal: Dunn, John (Autor)
Formato: Libro
Lenguaje:español
Publicado: Cambridge Cambridge University 1996
Materias:
Etiquetas: Agregar Etiqueta
Sin Etiquetas, Sea el primero en etiquetar este registro!

MARC

LEADER 00000nam a2200000 a 4500
001 UCO4810
003 CL-VaPUC
008 000817e19960000uk |||||||||||||||||spa|d
082 0 4 |a 320.01  |b DUN  |2 21 
100 0 |a Dunn, John  |e author  |9 449455 
245 1 3 |a La agonía del pensamiento político occidental 
300 |a 227 p 
942 |c BK 
945 |d 20000817 00:00:00  |a vberengu 
260 |a Cambridge  |b Cambridge University  |c 1996 
650 0 |a Democracia  |9 255256 
650 7 |a FILOSOFIA POLITICA  |2 CL-VaPUC  |9 449456 
650 0 |a Liberalismo  |9 255715 
650 7 |a NACIONALISMO  |2 CL-VaPUC  |9 449457 
650 7 |a REVOLUCION  |2 CL-VaPUC  |9 338298 
650 7 |a TEORIA POLITICA  |2 CL-VaPUC  |9 449458 
583 |a last modification  |c 20130806 03:56:10  |k Rodrigo Vera 
999 |c 290801  |d 290799 
952 |0 0  |1 0  |4 0  |6 320_010000000000000_DUN_1996  |7 0  |8 A  |9 340378  |a BIBHIS  |b BIBHIS  |d 2019-11-20  |i 3641511  |l 1  |o 320.01 DUN 1996  |p 3641511  |r 2025-01-20  |s 2022-06-28  |w 2019-11-20  |y BK  |k HIS 
952 |0 0  |1 0  |4 0  |6 320_010000000000000_DUN_1996  |7 0  |8 A  |9 340379  |a BIBEDU  |b BIBEDU  |d 2019-11-20  |i 3625389  |o 320.01 DUN 1996  |p 3625389  |r 2019-11-20  |w 2019-11-20  |y BK  |k FIL 
952 |0 0  |1 0  |4 0  |6 320_010000000000000_DUN_1996  |7 0  |8 A  |9 340380  |a BIBDER  |b BIBDER  |d 2019-11-20  |i 3789705  |o 320.01 DUN 1996  |p 3789705  |r 2023-01-25  |w 2019-11-20  |y BK  |k DER